Litwa Łotwa czy Estonia? #2 - Statystyki

Ogólne statystyki
  • Ten quiz został rozwiązany 28 razy
    27 od ostatniego zresetowania
  • Średni wynik to 12 z 16
Statystyki odpowiedzi
Zagadnienie Odpowiedź % Poprawnych
Nie posiada czerwonego na fladze. Estonia
92%
Jest wymieniona w inwokacji Adama Mickiewicza Litwa
92%
Ma dwukolorową flagę państwową Łotwa
92%
Stolica tego państwa leży nad Zatoką Ryską Łotwa
92%
Saaremaa i Hiumaa to największe wyspy tego państwa. Estonia
83%
Popularna jest tam woda "Vytautas" Litwa
83%
Podobnie jak do pierwszego pytania: które z tych trzech ma największą populację? Litwa
83%
Posiada najdłuższą linię brzegową. Estonia
75%
Jest największe spośród podanych państw. Litwa
75%
Jako ostatnia przyjęła chrześcijaństwo (rok 1387) Litwa
75%
Posiada język nienależący do języków bałtyckich. Estonia
67%
Został tam stworzony Skype. Estonia
67%
posiada street wiev na Google Maps Wszystkie z powyższych
67%
"Labrīt" w ojczystym języku tegoż państwa oznacza "dzień dobry" Łotwa
50%
Grała kiedyś w mistrzostwach Europy w Piłkę nożną Łotwa
42%
Wynalazca jeansów urodził się w tym państwie. Łotwa
25%
Nie znaleziono quizów pasujących do podanych kryteriów
Rozkład punktacji
Procent ludzi z każdym wynikiem
Percentyl według liczby udzielonych odpowiedzi
Twoja historia wyników
Nie rozwiązałeś tego quizu od ostatniego zresetowania